| 000 | 01850nam a22004217a 4500 | ||
|---|---|---|---|
| 003 | CHAP | ||
| 005 | 20230608062647.0 | ||
| 008 | 060911s2006 mx r 00010 spa d | ||
| 010 | _a92701 | ||
| 011 | _a93673 | ||
| 020 | _a9680202615 | ||
| 035 | _a104253 | ||
| 040 | _cCHAP | ||
| 090 | _aFolleto 16864 | ||
| 100 | 1 |
_aAyala Ortiz, Dante Ariel _98965 |
|
| 245 | 1 | 0 |
_aRiesgos económicos de la apertura a transgénicos en el mercado de maíz en México : _buna aproximación teórica _c/por Dante Ariel Ayala Ortíz, Rita Schwentesius Rindermann y Raúl García Barrios |
| 260 |
_aChapingo, Méx. : _bUACH. Centro de Investigaciones Económicas Sociales y Tecnológicas de la Agroindustria y la Agricultura Mundial, _c2006 |
||
| 300 | _a42 p. | ||
| 410 | 0 | 0 |
_aUACH. _bCentro de Investigaciones Económicas Sociales y Tecnológicas de la Agroindustria y la Agricultura Mundial |
| 490 | 0 |
_aReporte de investigación _v; 77 |
|
| 590 |
_aBATCH-UPD _b10 _c20130110 _lUCH01 _h1744 |
||
| 590 |
_aBATCH-UPD _b10 _c20130410 _lUCH01 _h1123 |
||
| 590 |
_aBATCH-UPD _b10 _c20130914 _lUCH01 _h0500 |
||
| 590 |
_aCONVERSION _b10 _c20130109 _lUCH01 _h1351 |
||
| 650 | 0 | 4 |
_aMaíz _xMercadeo _xMéxico. _971011 |
| 650 | 1 | 4 |
_aMaíz _xAspectos económicos _xMéxico _zMéxico. _9175482 |
| 650 | 1 | 4 |
_aMaíz _zMéxico. _971098 |
| 650 | 1 | 4 | _aTransgénicos. |
| 700 | 0 | _aGarcía Barrios, Raúl. | |
| 700 | 1 |
_aSchwentesius Rindermann, Rita _9103302 |
|
| 810 | 0 | 0 |
_aUACH. _bCentro de Investigaciones Económicas Sociales y Tecnológicas de la Agroindustria y la Agricultura Mundial _9115809 |
| 830 | 0 |
_aReporte de investigación _v; 77 _996000 |
|
| 901 | _aBK | ||
| 905 | _aAlejandra Carrrasco M. | ||
| 942 | _cFOLL | ||
| 949 |
_aFolleto 16864 _bBC _cFOLL _d33724000992327 _eTS1 _i104253 _sb |
||
| 949 |
_aFolleto 16864 _bBC _cUACH _d33724002050082 _eUACH _fc.2 _gDonaciØn _i104253 _sb |
||
| 999 |
_c92701 _d92701 |
||